Faces on U.S. Dollars Quiz Stats

 Plays Quiz not verified by Sporcle

Score 0/12 Timer 07:00
0 Plays Today
Who is on the: % Correct
1 dollar billGeorge Washington
99%
5 dollar billAbraham Lincoln
96.9%
100 dollar billBenjamin Franklin
90.6%
2 dollar billThomas Jefferson
80.2%
20 dollar billAndrew Jackson
77.1%
10 dollar billAlexander Hamilton
75%
50 dollar billU.S. Grant
72.9%
5,000 dollar billJames Madison
45.8%
100,000 dollar billWoodrow Wilson
42.7%
1,000 dollar billGrover Cleveland
40.6%
500 dollar billWilliam McKinley
34.4%
10,000 dollar billSalmon P. Chase
16.7%

You're not logged in!

Compare scores with friends on all Sporcle quizzes.
OR
Log In

Show Comments

Extras

Top Quizzes Today


Score Distribution

Your Account Isn't Verified!

In order to create a playlist on Sporcle, you need to verify the email address you used during registration. Go to your Sporcle Settings to finish the process.

Report this User

Report this user for behavior that violates our Community Guidelines.

Details: